<?xml version="1.0" encoding="UTF-8"?>
<collection xmlns="http://www.loc.gov/MARC21/slim">
 <record>
  <leader>04228nam a2200277 a 4500</leader>
  <controlfield tag="001">1/44622</controlfield>
  <controlfield tag="008">140623s2000    uk            001 0 eng  </controlfield>
  <datafield tag="020" ind1=" " ind2=" ">
   <subfield code="a">9780750646253</subfield>
  </datafield>
  <datafield tag="020" ind1=" " ind2=" ">
   <subfield code="a">075064625X</subfield>
  </datafield>
  <datafield tag="035" ind1=" " ind2=" ">
   <subfield code="l">47576</subfield>
  </datafield>
  <datafield tag="040" ind1=" " ind2=" ">
   <subfield code="a">OPELS</subfield>
   <subfield code="b">eng</subfield>
   <subfield code="c">OPELS</subfield>
   <subfield code="d">OKU</subfield>
   <subfield code="d">OCLCQ</subfield>
   <subfield code="d">OCLCF</subfield>
   <subfield code="d">GR-PeUP</subfield>
  </datafield>
  <datafield tag="100" ind1="1" ind2=" ">
   <subfield code="a">Crompton, T. R.</subfield>
   <subfield code="q">(Thomas Roy)</subfield>
  </datafield>
  <datafield tag="245" ind1="1" ind2="0">
   <subfield code="a">Battery reference book</subfield>
   <subfield code="h">[electronic resource] /</subfield>
   <subfield code="c">T.R. Crompton.</subfield>
  </datafield>
  <datafield tag="250" ind1=" " ind2=" ">
   <subfield code="a">3rd ed.</subfield>
  </datafield>
  <datafield tag="260" ind1=" " ind2=" ">
   <subfield code="a">Oxford, England ;</subfield>
   <subfield code="a">Boston :</subfield>
   <subfield code="b">Newnes,</subfield>
   <subfield code="c">2000.</subfield>
  </datafield>
  <datafield tag="300" ind1=" " ind2=" ">
   <subfield code="a">1 online resource (1 v. (various pagings)) :</subfield>
   <subfield code="b">ill.</subfield>
  </datafield>
  <datafield tag="504" ind1=" " ind2=" ">
   <subfield code="a">Includes bibliographical references and index.</subfield>
  </datafield>
  <datafield tag="505" ind1="0" ind2=" ">
   <subfield code="a">Introduction to battery technology -- Guidelines to battery selection -- Battery characteristics. Lead-acid secondary batteries -- Nickel batteries -- Silver batteries -- Alkaline manganese batteries -- Carbon-zinc and carbon-zinc chloride primary batteries -- Mercury batteries -- Lithium batteries -- Manganese dioxide-magnesium perchlorate primary batteries -- Magnesium-organic electrolyte primary batteries -- Metal-air cells -- High-temperature thermally activated primary reserve batteries -- Zinc-halogen secondary batteries -- Sodium-sulphur secondary batteries -- Other fast-ion conducting solid systems -- Water-activated primary batteries -- Battery theory and design. Lead-acid secondary batteries -- Nickel batteries -- Silver batteries -- Alkaline manganese batteries -- Carbon-zinc and carbon-zinc chloride batteries -- Mercury-zinc batteries -- Lithium batteries -- Manganese dioxide- magnesium perchlorate primary batteries -- Metal-air batteries -- High-temperature thermally activated primary batteries -- Zinc-halogen secondary batteries -- Sodium-sulphur secondary batteries -- Battery performance evaluation. Primary batteries -- Secondary batteries -- Battery applications. Lead-acid secondary batteries -- Nickel batteries -- Silver batteries -- Alkaline manganese primary batteries -- Carbon-zinc primary batteries -- Mercury batteries -- Lithium primary batteries -- Manganese dioxide-magnesium perchlorate primary batteries -- Metal-air batteries -- High-temperature thermally activated primary batteries -- Seawater-activated primary batteries -- Electric vehicle secondary batteries -- Battery charging. Constant-potential charging -- Voltage-limited taper current charging of alkaline manganese dioxide batteries -- Constant-current charging -- Taper charging of lead-acid motive power batteries -- Methods of charging large nickel-cadmium batteries -- Lead-acid (secondary) batteries -- Nickel batteries -- Silver batteries -- Alkaline manganese dioxide batteries -- Carbon-zinc batteries (primary) and carbon-zinc chloride batteries -- Mercury batteries -- Lithium batteries -- Manganese dioxide-magnesium perchlorate (primary) batteries -- Magnesium-organic electrolyte batteries -- Metal-air cells -- Thermally activated batteries -- Zinc-halogen batteries -- Sodium-sulphur batteries -- Water-activated batteries.</subfield>
  </datafield>
  <datafield tag="520" ind1=" " ind2=" ">
   <subfield code="a">Crompton's Battery Reference Book has become the standard reference source for a wide range of professionals and students involved in designing, manufacturing, and specifying products and systems that use batteries. This book is unique in providing extensive data on specific battery types, manufacturers and suppliers, as well as covering the theory - an aspect of the book which makes an updated edition important for every professional's library. The coverage of different types of battery is fully comprehensive, ranging from minute button cells to large installations weighing several hundred tonnes. Must-have information and data on all classes of battery in an accessible form. Essential reference for design engineers in automotive and aerospace applications, telecommunications equipment, household appliances, etc. Informs you of developments over the past five years.</subfield>
  </datafield>
  <datafield tag="650" ind1=" " ind2="4">
   <subfield code="a">Electric batteries.</subfield>
  </datafield>
  <datafield tag="650" ind1=" " ind2="4">
   <subfield code="a">Storage batteries.</subfield>
  </datafield>
  <datafield tag="655" ind1=" " ind2="4">
   <subfield code="a">Electronic books.</subfield>
  </datafield>
  <datafield tag="852" ind1=" " ind2=" ">
   <subfield code="a">INST</subfield>
   <subfield code="b">UNIPILB</subfield>
   <subfield code="c">EBOOKS</subfield>
   <subfield code="e">20140623</subfield>
   <subfield code="p">00b47576</subfield>
   <subfield code="q">00b47576</subfield>
   <subfield code="t">ONLINE</subfield>
   <subfield code="y">0</subfield>
  </datafield>
  <datafield tag="856" ind1="4" ind2="0">
   <subfield code="3">ScienceDirect</subfield>
   <subfield code="u">http://www.sciencedirect.com/science/book/9780750646253</subfield>
  </datafield>
  <datafield tag="856" ind1="4" ind2=" ">
   <subfield code="d">/webopac/covers/03/47576_9780750646253.jpg</subfield>
  </datafield>
  <datafield tag="856" ind1="4" ind2=" ">
   <subfield code="d">/webopac/covers/03/47576_075064625X.jpg</subfield>
  </datafield>
 </record>
</collection>
